What Year Did That Song Come Out? #2 - Statistics

General Stats
  • This quiz has been taken 12,736 times
  • The average score is 13 of 20
Answer Stats
Song Musical Act Year % Correct
Blinding Lights The Weeknd 2019
91%
Beat It Michael Jackson 1982
89%
I Gotta Feeling Black Eyed Peas 2009
85%
Hey Jude The Beatles 1968
83%
I Want It That Way Backstreet Boys 1999
80%
Stan Eminem 2000
73%
...Baby One More Time Britney Spears 1998
72%
Get Lucky Daft Punk 2013
71%
Flowers Miley Cyrus 2023
68%
In Da Club 50 Cent 2003
67%
Hotel California The Eagles 1976
66%
thank u, next Ariana Grande 2018
66%
Livin' on a Prayer Bon Jovi 1986
65%
Paint The Town Red Doja Cat 2023
60%
Dancing Queen ABBA 1976
59%
Rehab Amy Winehouse 2006
58%
Faith George Michael 1987
51%
Jump Van Halen 1984
50%
My Girl The Temptations 1964
42%
Whoot, There It Is 95 South 1993
34%
No matching quizzes found
Score Distribution
Percent of People with Each Score
Percentile by Number Answered
Your Score History
You have not taken this quiz